000
00287 a2200109 4500
001
54798
090
_c
33988
_d
33988
100
_a
Seul, Michael
245
_a
Practical algorithms For Image Analysis; Description, examples, And Code with CD-ROM
260
_a
NY
_b
Camridge
_c
2005
505
_a
CD/DVD
942
_a
NUST-CAE
999
_c
289871
_d
289871